[Event "Titled Tuesday intern op 08th Aug Early"]
[Site "Chess.com INT"]
[Date "2023.08.08"]
[Round "2"]
[White "Novita, Anjas"]
[Black "Kirillov, Dmitry1111"]
[Result "0-1"]
[WhiteElo "2371"]
[BlackElo "2206"]
[PlyCount "62"]
[EventDate "2023.08.08"]
[EventType "swiss (blitz)"]
[EventRounds "11"]
[EventCountry "USA"]
[SourceTitle "EXT 2024"]
[Source "ChessBase"]
[SourceDate "2023.10.10"]
[SourceVersion "1"]
[SourceVersionDate "2023.10.10"]
[SourceQuality "1"]

1. e4 c6 2. d4 d5 3. e5 c5 4. dxc5 Nc6 5. a3 e6 6. b4 a5 7. c3 axb4 8. cxb4 Nxb4 9. axb4 Rxa1 10. Bb2 Ra8 11. Nf3 Ne7 12. Bd3 Bd7 13. 0-0 h6 14. Nd4 Nc6 15. Nxc6 bxc6 16. f4 Rb8 17. Bc3 g6 18. Qg4 h5 19. Qh3 Be7 20. Nd2 Bc8 21. Nf3 Kf8 22. Ng5 Bxg5 23. fxg5 Qxg5 24. Qf3 Rh7 25. Bd4 Rxb4 26. Be3 Qg4 27. Qf2 h4 28. Ra1 Rb8 29. Ra7 Bb7 30. h3 Qh5 31. Qf6 Qh6 0-1

[Event "Asia zt 3.3"]
[Site "Jakarta"]
[Date "2023.05.09"]
[Round "5"]
[White "Novita, Anjas"]
[Black "Dau, Khuong Duy"]
[Result "1-0"]
[WhiteElo "2384"]
[BlackElo "2234"]
[PlyCount "107"]
[EventDate "2023.05.06"]
[EventType "swiss"]
[EventRounds "9"]
[EventCountry "INA"]
[SourceTitle "CBM 214 Extra"]
[Source "ChessBase"]
[SourceDate "2023.07.31"]
[SourceVersion "1"]
[SourceVersionDate "2023.07.31"]
[SourceQuality "1"]

1. e4 c5 2. Nf3 d6 3. d4 cxd4 4. Nxd4 Nf6 5. Nc3 a6 6. Bc4 e6 7. Bb3 b5 8. Be3 Be7 9. Qe2 0-0 10. a3 Bb7 11. f3 Nc6 12. 0-0-0 Qa5 13. g4 Nxd4 14. Rxd4 Rac8 15. Kb1 Nd7 16. g5 Ne5 17. h4 Nc4 18. Bxc4 bxc4 19. Rxc4 d5 20. Ra4 Qd8 21. exd5 Rxc3 22. bxc3 Qxd5 23. Rd1 Qe5 24. f4 Qf5 25. Bd4 Bc6 26. Rb4 Bxb4 27. axb4 Qxf4 28. Qxa6 Bf3 29. Rf1 Qg4 30. Qd6 Qh3 31. Rg1 Qf5 32. Qe5 Qxe5 33. Bxe5 Be2 34. Kb2 Rc8 35. Re1 Bc4 36. Ra1 Rf8 37. Rg1 Rc8 38. Rg4 Kf8 39. Rf4 h6 40. gxh6 gxh6 41. Rf6 Ke7 42. Rxh6 Rg8 43. Rf6 Rg2 44. Rf4 Bd5 45. c4 Ba8 46. Bf6+ Kd6 47. Rd4+ Kc6 48. h5 Rh2 49. Rh4 Rxh4 50. Bxh4 Kd6 51. c5+ Kd7 52. b5 Be4 53. Bf6 Kc7 54. h6 1-0

[Event "Asia zt 3.3"]
[Site "Jakarta"]
[Date "2023.05.06"]
[Round "1"]
[White "Novita, Anjas"]
[Black "Burbach, Brunel Baron"]
[Result "1-0"]
[WhiteElo "2384"]
[BlackElo "1829"]
[PlyCount "45"]
[EventDate "2023.05.06"]
[EventType "swiss"]
[EventRounds "9"]
[EventCountry "INA"]
[SourceTitle "CBM 214 Extra"]
[Source "ChessBase"]
[SourceDate "2023.07.31"]
[SourceVersion "1"]
[SourceVersionDate "2023.07.31"]
[SourceQuality "1"]

1. e4 c5 2. Nf3 e6 3. d4 cxd4 4. Nxd4 Nf6 5. Nc3 Nc6 6. a3 d6 7. Be3 Be7 8. Bd3 0-0 9. 0-0 Bd7 10. f4 Nxd4 11. Bxd4 e5 12. fxe5 dxe5 13. Bxe5 Bc5+ 14. Kh1 Ng4 15. Bg3 Ne3 16. Qh5 Nxf1 17. Rxf1 Be3 18. Nd5 Qg5 19. Qf3 Bd2 20. Bd6 Qg4 21. Qf2 Bg5 22. Bxf8 Rxf8 23. Qxa7 1-0

[Event "Penang op 11th"]
[Site "Penang"]
[Date "2019.12.11"]
[Round "4"]
[White "Novita, Anjas"]
[Black "Hari, Madhavan NB"]
[Result "1/2-1/2"]
[WhiteElo "2381"]
[BlackElo "2280"]
[PlyCount "80"]
[EventDate "2019.12.09"]
[EventType "swiss"]
[EventRounds "9"]
[EventCountry "MAS"]
[SourceTitle "CBM 193 Extra"]
[Source "ChessBase"]
[SourceDate "2020.01.31"]
[SourceVersion "1"]
[SourceVersionDate "2020.01.31"]
[SourceQuality "1"]

1. e4 c6 2. d4 d5 3. Nc3 dxe4 4. Nxe4 Bf5 5. Ng3 Bg6 6. Nf3 e6 7. h4 h6 8. h5 Bh7 9. Bd3 Bxd3 10. Qxd3 Nf6 11. Bd2 Qb6 12. 0-0-0 Qa6 13. Qb3 Nbd7 14. Kb1 Bd6 15. Ne5 Qb5 16. Nxd7 Kxd7 17. Qf3 Rad8 18. Ne4 Nxe4 19. Qxe4 Kc8 20. g4 Qd5 21. Qe2 Be7 22. c4 Qd6 23. Be3 a6 24. Qf3 Bf6 25. a3 Qe7 26. Qe4 Rd7 27. Rd3 Rhd8 28. Rhd1 Rg8 29. Ka2 g5 30. Rb3 Rgd8 31. Rdd3 Qf8 32. Rb6 Qg7 33. d5 exd5 34. Qf5 d4 35. Rdb3 dxe3 36. Rxb7 Be5 37. c5 e2 38. Ra7 e1Q 39. Ra8+ Kc7 40. Ra7+ Kc8 1/2-1/2

[Event "Penang op 11th"]
[Site "Penang"]
[Date "2019.12.09"]
[Round "1"]
[White "Xie, Kaifan"]
[Black "Novita, Anjas"]
[Result "1/2-1/2"]
[WhiteElo "1905"]
[BlackElo "2381"]
[PlyCount "98"]
[EventDate "2019.12.09"]
[EventType "swiss"]
[EventRounds "9"]
[EventCountry "MAS"]
[SourceTitle "CBM 193 Extra"]
[Source "ChessBase"]
[SourceDate "2020.01.31"]
[SourceVersion "1"]
[SourceVersionDate "2020.01.31"]
[SourceQuality "1"]

1. d4 Nf6 2. c4 e6 3. Nf3 b6 4. g3 Bb7 5. Bg2 Bb4+ 6. Bd2 Qe7 7. 0-0 Bxd2 8. Qxd2 0-0 9. Re1 d6 10. Nc3 Ne4 11. Qc2 Nxc3 12. Ng5 Ne4 13. Bxe4 c6 14. Bxc6 g6 15. Bxb7 Qxb7 16. Qd2 h6 17. Nf3 Kg7 18. Qf4 Qe7 19. e4 Nd7 20. Rad1 Rfd8 21. e5 dxe5 22. dxe5 Nc5 23. Nd4 Rac8 24. b3 a6 25. Nc6 Rxd1 26. Nxe7 Rxe1+ 27. Kg2 Rc7 28. Qf6+ Kf8 29. Nf5 gxf5 30. Qd8+ Kg7 31. Qxc7 Re2 32. Qxb6 Ne4 33. a4 Rc2 34. Qd4 a5 35. Qe3 Rc3 36. Qb6 Rc2 37. Kf1 Kg6 38. Ke1 Rc1+ 39. Ke2 Rc2+ 40. Kd1 Rxf2 41. c5 Nc3+ 42. Ke1 Re2+ 43. Kf1 Rc2 44. Qxa5 Nd5 45. Qb5 Ne3+ 46. Ke1 Ng2+ 47. Kf1 Ne3+ 48. Kg1 Rg2+ 49. Kh1 Rd2 1/2-1/2

[Event "Penang op 10th"]
[Site "Penang"]
[Date "2018.12.04"]
[Round "3"]
[White "Novita, Anjas"]
[Black "Chan, Marcus"]
[Result "1-0"]
[WhiteElo "2379"]
[BlackElo "2186"]
[PlyCount "49"]
[EventDate "2018.12.03"]
[EventType "swiss"]
[EventRounds "9"]
[EventCountry "MAS"]
[SourceTitle "CBM 187 Extra"]
[Source "ChessBase"]
[SourceDate "2018.11.04"]
[SourceVersion "1"]
[SourceVersionDate "2018.11.04"]
[SourceQuality "1"]

1. e4 c5 2. Nf3 d6 3. d4 cxd4 4. Nxd4 Nf6 5. Nc3 a6 6. Bc4 e6 7. Bb3 b5 8. Be3 Be7 9. f3 0-0 10. a3 Qc7 11. g4 Nc6 12. g5 Nh5 13. Nxc6 Qxc6 14. f4 g6 15. f5 Rb8 16. Rf1 b4 17. axb4 Rxb4 18. Ra4 Rxa4 19. Bxa4 Qc7 20. Bb3 Qa5 21. f6 Bd8 22. Qxd6 Qa1+ 23. Ke2 Qxb2 24. Bc5 Re8 25. Na4 1-0

[Event "Penang op 10th"]
[Site "Penang"]
[Date "2018.12.04"]
[Round "2"]
[White "Singgih, Diajeng Theresa"]
[Black "Novita, Anjas"]
[Result "0-1"]
[WhiteElo "2074"]
[BlackElo "2379"]
[PlyCount "120"]
[EventDate "2018.12.03"]
[EventType "swiss"]
[EventRounds "9"]
[EventCountry "MAS"]
[SourceTitle "CBM 187 Extra"]
[Source "ChessBase"]
[SourceDate "2018.11.04"]
[SourceVersion "1"]
[SourceVersionDate "2018.11.04"]
[SourceQuality "1"]

1. e4 c5 2. Nf3 d6 3. d4 cxd4 4. Nxd4 Nf6 5. Nc3 a6 6. Be2 e6 7. 0-0 Be7 8. f4 Qc7 9. Be3 0-0 10. Bf3 Nc6 11. Kh1 Na5 12. Be2 b5 13. Nb3 Nc4 14. Bxc4 Qxc4 15. e5 Ne8 16. Qf3 Rb8 17. Ba7 Bb7 18. Qg3 Rc8 19. Na5 Qc7 20. Nxb7 Qxb7 21. Bd4 b4 22. Nd1 Rxc2 23. Ne3 Rd2 24. Rad1 Rxd1 25. Rxd1 Qe4 26. Nc4 dxe5 27. Nxe5 f6 28. Nd7 Rf7 29. h3 Qc6 30. Nb6 Nd6 31. Qe1 Ne4 32. Rc1 Qb7 33. Nc4 Bf8 34. b3 Rd7 35. Qe3 Qd5 36. Bb2 Bc5 37. Qf3 Nf2+ 38. Kh2 Qxf3 39. gxf3 Nd3 40. Rd1 Rd5 41. Kg3 Nxf4 42. Re1 e5 43. Bc1 g5 44. Bxf4 gxf4+ 45. Kg4 Kf7 46. Kf5 Rd8 47. h4 Bf2 48. Rf1 Be3 49. Re1 Rd3 50. Re2 Bd4 51. Nd6+ Ke7 52. Ne4 Rxf3 53. Rg2 Kd7 54. Nxf6+ Kc6 55. Nxh7 Rg3 56. Rc2+ Rc3 57. Rg2 f3 58. Rg6+ Kb5 59. Ke4 f2 60. Rf6 Kc5 0-1

[Event "Yogyakarta Piala Raja Master"]
[Site "Yogyakarta"]
[Date "2017.08.21"]
[Round "2"]
[White "Novita, Anjas"]
[Black "Lioe, Dede"]
[Result "1-0"]
[WhiteElo "2379"]
[BlackElo "2356"]
[PlyCount "55"]
[EventDate "2017.08.21"]
[EventType "tourn"]
[EventRounds "10"]
[EventCountry "INA"]
[EventCategory "3"]
[SourceTitle "CBM 180 Extra"]
[Source "ChessBase"]
[SourceDate "2017.10.06"]
[SourceVersion "1"]
[SourceVersionDate "2017.10.06"]
[SourceQuality "1"]

1. e4 c5 2. Nf3 d6 3. d4 cxd4 4. Nxd4 Nf6 5. Nc3 Nc6 6. Bc4 e6 7. Bb3 a6 8. Be3 Na5 9. Qe2 Be7 10. 0-0-0 Qc7 11. g4 Nxb3+ 12. axb3 b5 13. g5 Nd7 14. Kb1 Bb7 15. f3 0-0 16. h4 b4 17. Na4 Nc5 18. h5 Rfe8 19. g6 Bf6 20. Qg2 Qe7 21. Nb6 Rad8 22. Nc4 Kh8 23. Ne2 h6 24. gxf7 Qxf7 25. Nxd6 Rxd6 26. Rxd6 Qc7 27. Rhd1 a5 28. Qg1 1-0

[Event "Jakarta Indonesia op 3rd"]
[Site "Jakarta"]
[Date "2013.10.12"]
[Round "4"]
[White "Paehtz, Elisabeth"]
[Black "Novita, Anjas"]
[Result "0-1"]
[WhiteElo "2440"]
[BlackElo "2328"]
[PlyCount "66"]
[EventDate "2013.10.10"]
[EventType "swiss"]
[EventRounds "11"]
[EventCountry "INA"]
[SourceTitle "CBM 156 Extra"]
[Source "ChessBase"]
[SourceDate "2013.10.22"]
[SourceVersion "1"]
[SourceVersionDate "2013.10.22"]
[SourceQuality "1"]

1. e4 c5 2. Nf3 Nc6 3. Bb5 Qc7 4. 0-0 g6 5. Re1 Bg7 6. c3 a6 7. Bf1 d6 8. d4 Bg4 9. Be3 Qb6 10. dxc5 Qxb2 11. Nbd2 Qxc3 12. Rc1 Bxf3 13. gxf3 Qf6 14. Qb3 Rb8 15. cxd6 Qxd6 16. f4 Nh6 17. e5 Qd8 18. Ne4 0-0 19. Bb6 Qc8 20. Bh3 Nf5 21. Qf3 Qe6 22. Nc5 Ncd4 23. Qe4 Qxb6 24. Nd7 Qb2 25. Nxf8 Bxf8 26. Rcd1 e6 27. Bxf5 Nxf5 28. Re2 Qb5 29. a4 Qc6 30. f3 Qc5+ 31. Kg2 b5 32. axb5 axb5 33. Rd7 b4 0-1

[Event "Jakarta Indonesia op 2nd"]
[Site "Jakarta"]
[Date "2012.10.12"]
[Round "3"]
[White "Krasenkow, Michal"]
[Black "Novita, Anjas"]
[Result "1-0"]
[WhiteElo "2636"]
[BlackElo "2339"]
[PlyCount "89"]
[EventDate "2012.10.11"]
[EventType "swiss"]
[EventRounds "9"]
[EventCountry "INA"]
[SourceTitle "EXT 2013"]
[Source "ChessBase"]
[SourceDate "2012.11.22"]
[SourceVersion "1"]
[SourceVersionDate "2012.11.22"]
[SourceQuality "1"]

1. d4 Nf6 2. c4 e5 3. dxe5 Ng4 4. Bf4 Nc6 5. Nf3 Bb4+ 6. Nc3 Qe7 7. Qd5 f6 8. exf6 Nxf6 9. Qd3 Bxc3+ 10. bxc3 d6 11. g3 Ne5 12. Nxe5 dxe5 13. Bg5 0-0 14. Bg2 c6 15. Qe3 h6 16. Bxf6 Qxf6 17. 0-0 Be6 18. c5 Rae8 19. a4 Re7 20. Rad1 a5 21. Rd6 Qf7 22. f4 Qh5 23. fxe5 Rxf1+ 24. Bxf1 Bd5 25. Rd8+ Kh7 26. Qd3+ g6 27. e4 Bf7 28. Qd4 Qxe5 29. Bd3 Qg7 30. Kf2 Bb3 31. Ke3 h5 32. Qxg7+ Kxg7 33. Ra8 Bxa4 34. Rxa5 Bd1 35. h3 g5 36. Ra1 Bb3 37. c4 Rf7 38. e5 g4 39. hxg4 hxg4 40. Kd4 Rf3 41. Rb1 Ba4 42. Rxb7+ Rf7 43. Rxf7+ Kxf7 44. Be2 Bc2 45. Bxg4 1-0

[Event "Jakarta Indonesia op 1st"]
[Site "Jakarta"]
[Date "2011.10.18"]
[Round "8"]
[White "Novita, Anjas"]
[Black "Sudung, Tampubolon"]
[Result "1-0"]
[WhiteElo "2310"]
[BlackElo "2252"]
[PlyCount "91"]
[EventDate "2011.10.13"]
[EventType "swiss"]
[EventRounds "9"]
[EventCountry "INA"]
[SourceTitle "EXT 2012"]
[Source "ChessBase"]
[SourceDate "2011.11.24"]
[SourceVersion "1"]
[SourceVersionDate "2011.11.24"]
[SourceQuality "1"]

1. e4 e5 2. Bc4 Nf6 3. d3 Be7 4. Ne2 0-0 5. 0-0 c6 6. Ng3 d5 7. Bb3 Na6 8. exd5 cxd5 9. Qe2 Qd6 10. Re1 Nc5 11. Qxe5 Qxe5 12. Rxe5 Nxb3 13. axb3 Bd6 14. Re1 h6 15. Be3 a6 16. Bd4 Ne8 17. Nc3 Be6 18. Be5 Rc8 19. Rac1 Bb4 20. Nh5 f6 21. Bd4 Bf7 22. Nf4 Nc7 23. Be3 g5 24. Nfe2 f5 25. Nd4 Bg6 26. Bd2 Rfe8 27. Kf1 Kf7 28. h4 f4 29. Rxe8 Rxe8 30. Re1 Rxe1+ 31. Kxe1 Bh5 32. hxg5 hxg5 33. Na4 Bd6 34. b4 Ne6 35. Nb3 Nd8 36. Nb6 Ke8 37. Nxd5 Bf7 38. c4 Bxd5 39. cxd5 g4 40. Nc5 Kf7 41. d4 Ke7 42. Ke2 b6 43. Nd3 Kf6 44. Bxf4 Nf7 45. b5 Bxf4 46. bxa6 1-0

[Event "Jakarta Indonesia op 1st"]
[Site "Jakarta"]
[Date "2011.10.17"]
[Round "7"]
[White "Aulia, Medina Warda"]
[Black "Novita, Anjas"]
[Result "0-1"]
[WhiteElo "2112"]
[BlackElo "2310"]
[PlyCount "74"]
[EventDate "2011.10.13"]
[EventType "swiss"]
[EventRounds "9"]
[EventCountry "INA"]
[SourceTitle "EXT 2012"]
[Source "ChessBase"]
[SourceDate "2011.11.24"]
[SourceVersion "1"]
[SourceVersionDate "2011.11.24"]
[SourceQuality "1"]

1. e4 c5 2. Nf3 a6 3. d4 cxd4 4. Nxd4 Nf6 5. Nc3 d6 6. Be2 e6 7. Be3 Qc7 8. 0-0 Be7 9. a4 b6 10. f4 Bb7 11. Bf3 Nbd7 12. Kh1 0-0 13. Qe1 Rfe8 14. Qg3 Bf8 15. Rae1 Nc5 16. Bg1 d5 17. exd5 exd5 18. Nf5 Ne6 19. Re5 Kh8 20. Rfe1 Rad8 21. h3 Ne4 22. Nxe4 dxe4 23. Bxe4 f6 24. Bxb7 fxe5 25. Bxa6 exf4 26. Qg4 Nc5 27. Rxe8 Rxe8 28. Bb5 Ne4 29. Bd3 Nf6 30. Qh4 Bc5 31. Nd4 Qe5 32. Nf3 Qxb2 33. Bxc5 bxc5 34. Qxf4 Qb4 35. Qc7 Qxa4 36. Qxc5 Qf4 37. Qd4 Re1+ 0-1

[Event "Jakarta Indonesia op 1st"]
[Site "Jakarta"]
[Date "2011.10.13"]
[Round "1"]
[White "Tkachiev, Vladislav"]
[Black "Novita, Anjas"]
[Result "1-0"]
[WhiteElo "2631"]
[BlackElo "2310"]
[PlyCount "75"]
[EventDate "2011.10.13"]
[EventType "swiss"]
[EventRounds "9"]
[EventCountry "INA"]
[SourceTitle "EXT 2012"]
[Source "ChessBase"]
[SourceDate "2011.11.24"]
[SourceVersion "1"]
[SourceVersionDate "2011.11.24"]
[SourceQuality "1"]

1. d4 d5 2. c4 c6 3. Nf3 Nf6 4. Qb3 e6 5. Bg5 Nbd7 6. Nc3 Be7 7. e3 Ne4 8. Bxe7 Qxe7 9. Bd3 f5 10. Rc1 0-0 11. Qa3 Qf6 12. 0-0 g5 13. cxd5 exd5 14. Bxe4 fxe4 15. Nd2 Qh6 16. Qe7 Rf7 17. Qd8+ Kg7 18. Nxd5 Rf8 19. Qe7+ Rf7 20. Qe8 Rf8 21. Qxe4 cxd5 22. Qxd5 Nf6 23. Rc7+ Kh8 24. Qd6 b6 25. Rfc1 Ba6 26. Nf3 Bd3 27. h3 Be4 28. Ne5 Bd5 29. Nd7 Rad8 30. Qe7 Rde8 31. Qd6 Rd8 32. Qe5 Rde8 33. Qd6 Rd8 34. Rxa7 Rf7 35. Rcc7 Qg7 36. Nxf6 Rxd6 37. Rc8+ Rf8 38. Rxf8+ 1-0